000
00284nam a22001337a 4500
008
170607b xxu||||| |||| 00| 0 eng d
020
_a
9781595581143
041
_a
eng
080
_a
94
100
_a
18
101
_a
SHH
245
_a
WAR IN HEAVEN
_c
CALDICOTT,H
942
_2
udc
_c
BK
999
_c
16277
_d
16277